Love for sale : a world history of prostitution
Αποθηκεύτηκε σε:
| Κύριος συγγραφέας: | |
|---|---|
| Άλλοι συγγραφείς: | |
| Μορφή: | Βιβλίο |
| Γλώσσα: | English |
| Δημοσίευση: |
New York :
Grove Press,
2004
|
| Θέματα: | |
| Ετικέτες: |
Προσθήκη ετικέτας
Δεν υπάρχουν, Καταχωρήστε ετικέτα πρώτοι!
|
MARC
| LEADER | 00000nam a2200000 i 4500 | ||
|---|---|---|---|
| 001 | 1/42892 | ||
| 008 | 140224s2004 eng d | ||
| 020 | |a 0-8021-1745-7 | ||
| 035 | |l 10116829 | ||
| 040 | |a GR-MY-UA |b gre |e aacr | ||
| 041 | 0 | |a eng | |
| 082 | 0 | |a 306.74 |2 (22) | |
| 100 | 1 | |a Ringdal, Nils Johan |d 1952- | |
| 245 | 1 | 0 | |a Love for sale : |b a world history of prostitution / |c Nils Johan Ringdal ; translated from the norwegian by Richard Daly |
| 260 | |a New York : |b Grove Press, |c 2004 | ||
| 300 | |a 435 σ.; |b εικ., χάρτες; |c 24 εκ. | ||
| 504 | |a Περιέχει βιβλιογραφικές αναφορές | ||
| 650 | 0 | 0 | |a Prostitution |x History. |
| 700 | 1 | |a Daly, Richard. |4 trl | |
| 852 | |a INST |b LESVOS |e 20140224 |h 306.74 RIN |p 005100053489 |q 005100053489 |t BK |y 0 | ||
| 901 | |a BIBL1-2014-1 | ||
| 909 | |a Λ |b 177846 | ||
| 922 | |a 1ΕΛΗ |b 201211 |c ΤΜΗΜΑ ΚΟΙΝΩΝΙΚΗΣ ΑΝΘΡΩΠΟΛΟΓΙΑΣ ΚΑΙ ΙΣΤΟΡΙΑΣ |d ΙΩΑΝΝΙΔΟΥ | ||
| 970 | |a ΚΑΜΑΤΣΟΥ |b ΔΕΣΠΟΙΝΑ |z 2014/02/24 | ||